Essentials of ecology

Salvato in:
Dettagli Bibliografici
Autore principale: Miller, G. Tyler
Natura: Libro
Lingua:Undetermined
Pubblicazione: Pacific Grove, CA. Thomson, Brooks/Cole 2007
Soggetti:
Tags: Aggiungi Tag
Nessun Tag, puoi essere il primo ad aggiungerne! !
Thư viện lưu trữ: Trung tâm Học liệu Trường Đại học Cần Thơ
LEADER 00489nam a2200193Ia 4500
001 CTU_122612
008 210402s9999 xx 000 0 und d
020 |c 94.95 
082 |a 577 
082 |b M648 
100 |a Miller, G. Tyler 
245 0 |a Essentials of ecology 
245 0 |c G. Tyler Miller 
260 |a Pacific Grove, CA. 
260 |b Thomson, Brooks/Cole 
260 |c 2007 
650 |a Ecology 
904 |i Minh 
980 |a Trung tâm Học liệu Trường Đại học Cần Thơ